| 000 | 01882cam a22003974a 4500 | ||
|---|---|---|---|
| 001 | 14207852 | ||
| 003 | OSt | ||
| 005 | 20210416054547.0 | ||
| 008 | 051222s2006 nyua b 001 0 eng | ||
| 010 | _a 2005037482 | ||
| 020 | _a9780814794043 (cloth : alk. paper) | ||
| 020 | _a0814794041 (cloth : alk. paper) | ||
| 040 |
_aDLC _cDLC _dDLC |
||
| 043 | _an-us--- | ||
| 050 | 0 | 0 |
_aKF8771 _b.W37 2006 |
| 080 |
_a340 _bW-26 |
||
| 082 | 0 | 0 |
_a347.73/16 _222 |
| 100 | 1 |
_aWard, Artemus, _d1971- |
|
| 245 | 1 | 0 |
_aSorcerers' apprentices : _b100 years of law clerks at the United States Supreme Court / _cArtemus Ward and David L. Weiden. |
| 260 |
_aNew York : _bNew York University Press, _cc2006. |
||
| 300 |
_axiv, 337 p. : _bill. ; _c24 cm. |
||
| 504 | _aIncludes bibliographical references (p. 313-320) and index. | ||
| 505 | 0 | _aThe institutionalization of the Supreme Court law clerk -- A great ordeal : selecting Supreme Court law clerks -- The junior court : deciding to decide -- Decision making : mission-inspired crusaders? -- Opinion writing : from research assistants to junior justices -- Sorcerers' apprentices. | |
| 610 | 1 | 0 |
_aUnited States. _bSupreme Court. |
| 650 | 0 |
_aLaw clerks _zUnited States. |
|
| 650 | 0 |
_aLaw clerks _zUnited States _xHistory. |
|
| 650 | 0 |
_aJudicial process _zUnited States. |
|
| 653 | _aსამართალი | ||
| 700 | 1 | _aWeiden, David L. | |
| 856 | 4 | 1 |
_3Table of contents only _uhttp://www.loc.gov/catdir/toc/ecip065/2005037482.html |
| 856 | 4 | 2 |
_3Publisher description _uhttp://www.loc.gov/catdir/enhancements/fy0730/2005037482-d.html |
| 856 | 4 | 2 |
_3Contributor biographical information _uhttp://www.loc.gov/catdir/enhancements/fy0734/2005037482-b.html |
| 906 |
_a7 _bcbc _corignew _d1 _eecip _f20 _gy-gencatlg |
||
| 942 |
_2udc _cBK |
||
| 999 |
_c128 _d128 |
||